LEADER 00961nam a2200253 i 4500 001 991001318769707536 008 110718s1995 it |||||| 0|| ||ita d 020 $a8820493403 020 $a9788820493400 035 $ab13995650-39ule_inst 082 04$a363.61094575 100 1 $aMasella, Luigi$032066 245 10$aAcquedotto pugliese :$bintervento pubblico e modernizzazione nel mezzogiorno /$cLuigi Masella 260 $aMilano :$bAngeli,$c[1995] 300 $a396 p. :$bill. ;$c23 cm. 440 0$aCollana CIRIEC di storie d'impresa pubblica e di pubblico interesse ;$v11 500 $aSeguono appendici 650 4$aAcquedotti$zPuglia 907 $a.b13995650$b28-01-14$c18-07-11 912 $a991001318769707536 945 $aLE023 363.61 MAS 1 1 $g1$i2023000129043$lle023$o-$pE73.50$q-$rn$so $t0$u2$v0$w2$x0$y.i1530128x$z19-07-11 996 $aAcquedotto pugliese$9248725 997 $aUNISALENTO 998 $ale023$b18-07-11$cm$da $e-$fita$git $h0$i0 LEADER 01514nam0 22002771i 450 001 UON00123466 005 20231205102726.824 100 $a20020107d1973 |0itac50 ba 101 $aeng 102 $aIN 105 $a|||| 1|||| 200 1 $aˆA ‰Study of Ancient Indian Numismatics (Indigenous System) from the Earliest Times to the Rise of the Imperial Guptas (Third Cent. A.D.). With special reference to Northern India$fSurendra Kisor Chakrabortty 210 $aVaranasi$cBhartiya Publishing House$d1973 215 $aV, 242 p.$d28 cm 316 $aStanza Sferra$5IT-UONSI DOPPISIXX B/017 S. S. 606 $aNUMISMATICA$xINDIA$3UONC000662$2FI 620 $aIN$dVaranasi$3UONL000332 686 $aSI XX B$cSUBCONT. INDIANO - NUMISMATICA$2A 700 1$aCHAKRABORTTY$bSurendra Kisor$3UONV076945$0667372 712 $aBharatiya Publishing House$3UONV249281$4650 801 $aIT$bSOL$c20240220$gRICA 912 $aUON00123466 950 $aSIBA - SISTEMA BIBLIOTECARIO DI ATENEO$dSI DOPPI SI XX B 017 S. S. $eSI ARC2050 7 017 S. S. Stanza Sferra$sBuono 950 $aSIBA - SISTEMA BIBLIOTECARIO DI ATENEO$dSI SI XX B 017 $eSI SA 7325 7 017 996 $aStudy of Ancient Indian Numismatics (Indigenous System) from the Earliest Times to the Rise of the Imperial Guptas (Third Cent. A.D.). With special reference to Northern India$91317776 997 $aUNIOR